• 首页
  • 本馆介绍
  • 公告通知
  • 最新文献
  • 馆藏检索
  • 电子资源
  • 读者导购
  • 参考咨询
  • 我的图书馆
  • 登录
  • 详细信息显示
  • 放入我的书架
  • 预约/预借图书
  • 作者相关作品
  • 分类相关作品
  • 丛书相关作品
  • 出版社相关作品

书目信息

  • 表格格式
  • 工作单格式
  • 卡片格式
题名:
茅盾诗词
    
 
作者: 茅盾 著
分册:  
出版信息: 石家庄   河北人民出版社  1979
页数: 114页
开本: 19cm
丛书名: 春光文艺丛书
单 册:
中图分类: I227.7
科图分类:
主题词: 诗词--中国--现代--选集 , 诗歌--中国 , 韵文--中国
电子资源:
ISBN:
000 00660nam2 2200265 45
001 0179002861
005 20060912095328.73
010    @dCNY0.34
091    @a10086.468
100    @a19950719d1979 em y0chiy0121 ea
101 0  @achi
102    @aCN@b130000
105    @ay z 000gy
200 10 @a茅盾诗词@Amao dun shi ci@f茅盾著
210    @a石家庄@c河北人民出版社@d1979
215    @a114页@d19cm
225 2  @a春光文艺丛书
410  0 @120010@a春光文艺丛书
606    @a诗词@y中国@z现代@x选集
606 0  @a诗歌@x中国
606 0  @a韵文@x中国
690    @aI227.7@v3
701  0 @a茅盾@Amao dun@4著
801  0 @aCN@bNLC@c20060912
905    @dI227.7@e28
    
    茅盾诗词/茅盾著.-石家庄:河北人民出版社,1979
    114页;19cm.-(春光文艺丛书)
    
    
    ISBN :CNY0.34
    
●
相关链接 在E读中查询图书 在五车中查询图书 在当当中查询图书 在豆瓣中查询图书


正题名:茅盾诗词     索取号:I227.7/28         预约/预借

序号 登录号 条形码 馆藏地/架位号 状态 备注
1 0024749   001854050   密集书库/ [索取号:I227.7/28] 在馆    
2 0024750   001921610   密集书库/ [索取号:I227.7/28] 在馆    
3 0024892   001854087   密集书库/ [索取号:I227.7/28] 在馆    
4 0450180   204501805   密集书库/ [索取号:I227.7/28] 在馆    
5 0469060   204690600   密集书库/ [索取号:I227.7/28] 在馆    
6 0472229   204722292   密集书库/ [索取号:I227.7/28] 在馆    
唐山师范学院图书馆 欢迎您!
大连网信软件有限公司© 版权所有